[Event "Sachsen-ch U08"]
[Site "Sebnitz"]
[Date "2009.04.18"]
[Round "7"]
[White "Jahn, Felix"]
[Black "Noack, Jakob"]
[Result "0-1"]
[WhiteElo "717"]
[BlackElo "783"]
[PlyCount "40"]
[EventDate "2009.04.14"]
[EventType "swiss"]
[EventRounds "7"]
[EventCountry "GER"]
[SourceTitle "EXT 2010"]
[Source "ChessBase"]
[SourceDate "2010.11.25"]
[SourceVersion "1"]
[SourceVersionDate "2010.11.25"]
[SourceQuality "1"]

1. e4 e5 2. Nf3 Nc6 3. Bc4 Bc5 4. Nc3 Nf6 5. d3 Be7 6. Be3 0-0 7. 0-0 d6 8. Ng5 Bg4 9. Qe1 Nb4 10. Rc1 Nh5 11. Qd2 h6 12. Bxf7+ Kh8 13. Bxh5 Bxh5 14. Nh3 Qe8 15. Rfe1 Qg6 16. a3 Bf3 17. g3 Qh5 18. Nf4 exf4 19. Bxf4 Qh3 20. Re2 Qg2# 0-1